Score 0/18 Timer 03:00
0 Plays Today
Scrambled Title Unscrambled Title % Correct
TPO UGNTOP GUN
97.1%
THE IBG ILHLCTHE BIG CHILL
97.1%
NETE LWFOTEEN WOLF
93.9%
ETH NDAKE NGUTHE NAKED GUN
93.1%
ULLF LTAME TEACJKFULL METAL JACKET
92.3%
YAS INTNYAHGSAY ANYTHING
91.7%
TEH HSIIGNNTHE SHINING
90%
NCEIELC OT LKILLICENCE TO KILL
88.6%
TEH OMEYN TPITHE MONEY PIT
88.3%
Scrambled Title Unscrambled Title % Correct
ICELTEUJEEBBEETLEJUICE
82.9%
EHT RTEIAOMNTRTHE TERMINATOR
81.6%
LBEAD NNRERUBLADE RUNNER
74.2%
HTE NPCRSSIE IRBEDTHE PRINCESS BRIDE
73.9%
LBUL RHMDAUBULL DURHAM
72.5%
IEEXSTN CDLAENSSIXTEEN CANDLES
71.3%
MDASEAUAMADEUS
56.1%
MMMOEI DESTERAMOMMIE DEAREST
45.8%
UETROSGSBSTHGHOSTBUSTERS
27.6%
Remove Ads.
Support Sporcle.
Get the best of Sporcle when you Go Orange. This ad-free experience offers more features, more stats, and more fun while also helping to support Sporcle. Thank you for becoming a member.

You're not logged in!

Compare scores with friends on all Sporcle quizzes.
OR
Log In

Show Comments

Extras

Top Quizzes Today


Score Distribution

Your Account Isn't Verified!

In order to create a playlist on Sporcle, you need to verify the email address you used during registration. Go to your Sporcle Settings to finish the process.

Report this User

Report this user for behavior that violates our Community Guidelines.

Details: